000 00753nam a2200193Ia 4500
008 250924t2017||||xx |||||||||||||| ||spa||
040 _agtgcusco
_bspa
_cgtgcusco
_dgtgcusco
041 _aspa
084 _aEPS554
100 _aAquino Lara, María José
_917129
245 0 _aInforme final EPS realizado en Clínica Dental de Centro de Salud Río Hondo Zacapa. Junio 2015-mayo 2016.
260 _aGuatemala :
_bUSAC,
_c2017
300 _a90 p. :
_bil. :
_c27 cm.
336 _atexto
_btxt
_2rdacontenido
337 _aSin mediación
_bn
_2rdamedio
338 _avolumen
_bnc
_2rdasoporte
502 _aEPS (Cirujano Dentista) -- Universidad de San Carlos de Guatemala, Facultad de Odontología. --
942 _aBiblioteca Facultad de Odontología
_cEPS
_kEPS554
999 _c8461
_d8461